Catalog

Record Details

Catalog Search



Čím mohou lidé s mentálním postižením obohatit ty, kteří s nimi žijí a pracují? : bakalářská práce Cover Image Book Book

Čím mohou lidé s mentálním postižením obohatit ty, kteří s nimi žijí a pracují? : bakalářská práce Šárka Zirhutová ; Vedoucí práce: Lucie Hubertová

Record details

  • Physical Description: 77 s. příl.

Content descriptions

Bibliography, etc. Note:
bibliogr. s. 56

Available copies

  • 1 of 1 copy available at Common Catalog SPOK.

Holds

  • 0 current holds with 1 total copy.
Show Only Available Copies
Location Call Number / Copy Notes Barcode Shelving Location Status Due Date
Jabok Library ABP-1640 424480024972 Absolventské práce Reference -

Electronic resources

Version of Resource: Plný text


LDR 00770ntm a22 a 4500
0011638
003CZ-PrJAB
00520210310092050.0
008101014s2010 xr e |||| |cze
009cz
035 . ‡a(CONS)1638
035 . ‡aKPS0020015
0410 . ‡acze
10011. ‡714869 ‡aZirhutová, Šárka
110 2. ‡aEvangelická teologická fakulta Univerzity Karlovy
2451 . ‡aČím mohou lidé s mentálním postižením obohatit ty, kteří s nimi žijí a pracují? : ‡bbakalářská práce ‡cŠárka Zirhutová ; Vedoucí práce: Lucie Hubertová
260 . ‡aPraha ‡c2010
300 . ‡a77 s. ‡bpříl.
504 . ‡abibliogr. s. 56
653 . ‡alidé s mentálním postižením ‡amentálně postižení ‡asociální pracovníci ‡arodinní příslušníci ‡avztah
70011. ‡715365 ‡aHubertová, Lucie
999 . ‡a1640- ‡c1640- ‡i424480024972 ‡tP
999 . ‡a1641- ‡c1641- ‡i424480024971 ‡tP
910 . ‡aABG312
85641. ‡uhttps://dspace.cuni.cz/handle/20.500.11956/37219 ‡yPlný text
901 . ‡a1638 ‡bCZ-PrJAB ‡c1638 ‡tbiblio

Additional Resources